000 00966nam a22002537a 4500
003 BD-DhSAU
005 20220303192500.0
008 210929b |||||||| |||| 00| 0 eng d
040 _aBD-DhSAU
082 _222
_a636.5
_bW1199
100 _aWADUD, ESAM BIN
_eRegistration No.:# 18-09311
245 _aEffect of using carrot (daucus carota) powder in broiler ration as a growth promoter to produce safe meat /
_bMs Thesis
260 _aSher-e-Bangla Agricultural University ;
_bDEPARTMENT OF POULTRY SCIENCE;
_c2020;
300 _axv;
_b76p.;
_c30cm.;
500 _aIncluding Index.;
590 _aNazmul
600 _qcarrot (daucus carota)
610 _abroiler ration
650 _2promoter to produce safe meat
700 _aProf. Dr. Md. Anwarul Haque Beg
_eSupervisor
710 _aAssist. Prof. Dr. Amina Khatun
_eCo-Supervisor
856 _yOnline Access
_uhttp://archive.saulibrary.edu.bd:8080/xmlui/handle/123456789/3633
942 _2ddc
_cTHESIS
999 _c15734
_d15733